Statistics for Basic Sponge Cake Ingredients

Click here to take the quiz!

General Stats

  • This quiz has been taken 44 times
  • The average score is 3 of 5

Answer Stats

Answer% Correct
Eggs
91%
Butter
88%
Baking Powder
58%
Self Raising Flour
44%
Caster Sugar
40%

Score Distribution

Percentile by Number Answered

Percent of People with Each Score

Your Score History

You have not taken this quiz